| 000 | 00916nam a2200265Ia 4500 | ||
|---|---|---|---|
| 003 | OSt | ||
| 005 | 20221005104600.0 | ||
| 006 | a|||||r|||| 00| 0 | ||
| 007 | ta | ||
| 008 | 221004b |||||||| |||| 00| 0 hin d | ||
| 020 |
_a8170286573 (hbk) _c250 |
||
| 024 | _a86970 | ||
| 037 |
_b34568, 15/03/2007, Metropolitan Book Co. (P) Ltd. _cTextual |
||
| 040 |
_aCRL _cCRL _bhin |
||
| 041 |
_2hin _ahin |
||
| 082 | _aV2y7N31, P6 | ||
| 100 | _aअब्दुल कलाम, ए पी जे | ||
| 245 | 0 | _aअदम्य साहस | |
| 246 | _aAdamya sāhasa | ||
| 260 |
_aदिल्ली _bराजपाल भारत _c2006 |
||
| 300 |
_a254पृ0 _ccm. |
||
| 650 | _aविश्व-इतिहास | ||
| 942 |
_hV2y7N31, P6 _cTEXL _2cc |
||
| 999 |
_c1013161 _d1013161 |
||